Statistics for Two Largest U.S. Cities by First Two Letters

Click here to take the quiz!

General Stats

  • This quiz has been taken 150 times
  • The average score is 21 of 30

Answer Stats

Pop.City% Correct
NE18.4 milNew York
99%
PH5.44 milPhiladelphia
99%
AT4.52 milAtlanta
98%
CH8.61 milChicago
98%
PO1.85 milPortland
95%
SA2.96 milSan Diego
94%
SA3.28 milSan Francisco
93%
LA1.89 milLas Vegas
92%
LO12.1 milLos Angeles
89%
JA0.35 milJackson
87%
DE3.73 milDetroit
84%
JA1.07 milJacksonville
84%
PH3.63 milPhoenix
84%
MI3.11 milMinneapolis
83%
DE2.37 milDenver
78%
AU1.36 milAustin
76%
TU0.66 milTulsa
74%
MI5.50 milMiami
73%
TU0.84 milTucson
71%
TA2.44 milTampa
70%
CH1.25 milCharlotte
64%
NE0.90 milNew Orleans
64%
TA0.24 milTallahassee
50%
PR1.19 milProvidence
48%
AU0.39 milAugusta, GA
47%
LO0.97 milLouisville
37%
PR0.48 milProvo
19%
AT0.25 milAtlantic City
13%
LA0.40 milLancaster
7%
PO0.42 milPoughkeepsie
1%

Score Distribution

Percentile by Number Answered

Percent of People with Each Score

Your Score History

You have not taken this quiz